| 000 | 00660nam a2200241 i 4500 | ||
|---|---|---|---|
| 001 | bg | ||
| 100 | 1 | _aDRANKA, Tomasz. | |
| 245 | 1 | 0 |
_aElementarz obsługi komputera na rok 1999/2000 / _cTomasz Dranka, Krzysztof Krupa, Robert Klecha. |
| 260 |
_aKraków : _b"Edition 2000", _c1999. |
||
| 300 |
_a282 s. ; _c24 cm. |
||
| 504 | _aIndeks. | ||
| 650 | 9 |
_aKomputery _xobsługa i eksploatacja |
|
| 655 | _aPodręczniki | ||
| 700 | 1 | _aKRUPA, Krzysztof. | |
| 700 | 1 | _aKLECHA, Robert. | |
| 020 | _a8387297313 | ||
| 040 | _cBPK | ||
| 041 | 0 | _apl | |
| 080 | _a004(07) | ||
| 920 | _a83-87297-31-3 | ||
| 942 | _cKS | ||
| 008 | s pl f |000 0 pol | ||
| 999 |
_c36045 _d36045 |
||
| 856 |
_uhttp://koha.tu.koszalin.pl/cgi-bin/koha/opac-detail.pl?biblionumber=36045 _yKatalog online BPK |
||